000 00487nam a22001937a 4500
003 LK-CoDNM
005 20250206110856.0
008 250131b |||||||| |||| 00| 0 eng d
040 _aLK-CoDNM
_dLK-CoDNM
_eLK-CoDNM
041 _aeng
080 _a145
100 _aHERBERT,CHARLES
245 _aThe Psychological Basis of Medical Practice
250 _afourth
260 _alondon
_bballiere tindall
_c1945
300 _axiii, 1167p. ; 25 cm
650 _ascience
942 _cBK
999 _c237928
_d237928